| 000 | 00709nam a22002057a 4500 | ||
|---|---|---|---|
| 999 |
_c19247 _d19247 |
||
| 003 | AR-CdUCM | ||
| 008 | 190517b ||||| |||| 00| 0 spa d | ||
| 040 |
_aMUNICIPALIDAD PROVINCIAL DEL CUSCO _cBIBLIOTECA MUNICIPAL DEL CUSCO |
||
| 082 |
_25ed. _a692.5 / _bF75 |
||
| 100 |
_aFont Maymó, J. _940473 |
||
| 245 | _aRendimientos y valoraciones de obras / | ||
| 260 |
_aMadrid : _bDossat, _c1960. |
||
| 300 |
_a109 páginas ; _c25 cm. |
||
| 500 | _aPor capítulos : VII capítulos | ||
| 505 | _aContenido: Capítulo I: Mano de obra -- Maquinaria y medios auxiliares Movimiento de tierras... | ||
| 650 |
_aObras. _96865 |
||
| 650 |
_aValorizaciones. _940474 |
||
| 942 |
_2ddc _cLIBROS |
||
| 945 |
_arum _d2019-05-17 |
||